000 00463nam a22001817a 4500
999 _c525832
_d525832
003 NUST
005 20190705052009.0
038 _aFaiza
082 _a891.421
_bSAK
100 _aSakar, Ramzan
_916776
245 _aMitti Di Khoosbo /
_cRamzan Sakar
260 _aLahore:
_bShoaib Publications,
_c1998.
300 _a120p. ;
500 _aHard Cover
880 _6100-01\r
_aرمضان شاکر
880 _6245-02\r
_a /مٹی دی خشبو
942 _2ddc
_cBK